Introducción al Derecho (Registro nro. 6030)
[ vista simple ]
| 000 -Cabecera | |
|---|---|
| Campo de control de longitud fija | 00559ata a2200229 4500 |
| 005 - Fecha y hora de la última transacción | |
| Campo de control | 20250819132333.0 |
| 008 - Elementos de longitud fija--Información general | |
| Campo de control de longitud fija | 150526b1992 xxu||||| |||| 00| 0 spa d |
| 020 ## - International Standard Book Number | |
| Número Internacional Estándar del Libro (ISBN) | 9788434432215 |
| 041 ## - Idioma | |
| Código de idioma | Español |
| 082 ## - Clasificación Decimal Dewey | |
| Número de clasificación | 340 L358i |
| 100 ## - Entrada principal--Autor personal | |
| Nombre personal | Latorre, Angel |
| 9 (RLIN) | 35003 |
| 245 ## - Título propiamente dicho | |
| Título | Introducción al Derecho |
| 250 ## - Edición | |
| Mención de edición | 9 edición |
| 260 ## - Pie de imprenta | |
| Lugar de publicación, distribución, etc. | España |
| 260 ## - Pie de imprenta | |
| Nombre del editor, distribuidor, etc. | Ariel |
| 260 ## - Pie de imprenta | |
| Fecha de publicación, distribución, etc. | 1992 |
| 300 ## - Descripción física | |
| Extensión | 197 páginas |
| 490 ## - Serie | |
| Título de la Serie | Investigación Criminal |
| 490 ## - Serie | |
| Título de la Serie | Dirección y Administración de Empresas |
| 650 ## - Materia general | |
| Temática (materia general) | DERECHO |
| 942 ## - Punto de acceso adicional KOHA | |
| Tipo de ítem KOHA | Libro |
| Fuente del sistema de clasificación o colocación | Dewey Decimal Classification |
| Signatura completa | Código de barras | Tipo de ítem | Programa Académico | En préstamo |
|---|---|---|---|---|
| 340 L358i | 334 | Libro | ||
| 340 L358i | 3765 | Libro | ||
| 340 L358i | 3784 | Libro | ||
| 340 L358i | 8702 | Libro | ||
| 340 L358i | 10961 | Libro | ||
| 340 L358i | 11048 | Libro | ||
| 340 L358i | 11049 | Libro | ||
| 340 L358i | 13270 | Libro | ||
| 340 L358i | 13271 | Libro | ||
| 340 L358i | 13693 | Libro | 11/06/2024 | |
| 340 L358i | 13694 | Libro | ||
| 340 L358i | 13695 | Libro | ||
| 340 L358i | 13696 | Libro |